000 00887cam0a220018100 4500
001 tmp15900741
003 UPRA
005 20190816093625.0
008 951109s1976 za eng u
035 _a(Sirsi) r38197
035 _a(UPRA)tmp15900741
040 _cUPRA
111 2 _aRegional Wildlife Conference for Eastern and Central Africa (4th : 1976 : Chiche Lodge Zambia)
_nRegional Wildlife Conference for Eastern and Central Africa (4th : 1976 : Chiche Lodge Zambia)
_dRegional Wildlife Conference for Eastern and Central Africa (4th : 1976 : Chiche Lodge Zambia)
_cRegional Wildlife Conference for Eastern and Central Africa (4th : 1976 : Chiche Lodge Zambia)
_6A99781.1
245 1 0 _aProceedings of the fourth regional Chichela lodge, South Luangwa National Park, Zambia, 26-30 July, 1976 ...
260 _c[1976]
949 _aS912
_wlcc
_mMAIN
_tBOOK
_lON-SHELF
004 38197
999 _c82609
_d82609